000 00512nam a2200193 a 4500
001 1767515828855
003 YourLibrary
005 20260105104359.0
008 260104s2009##################000#0#eng##
020 _a9781844837939
082 0 4 _a299.3122
_bFLE
100 1 _aFletcher, Joann,
_eauthor.
245 1 0 _aThe Egyptian Book of Living & Dying :
260 _bDuncan Baird Publishers,
_c2009.
300 _a144 pages
650 0 _aDeath.
942 _cENGLISH
040 _aYourLibrary
_beng
_cYourLibrary
999 _c607184
_d607184